Loading...
| Literature - American | 0 | 7 | 0 | 1 | 70 | 97 | 138.14 | 0 | 1 | 4.15 | 22.04 |
| Fine Arts - Classical Music | 0 | 6 | 1 | 1 | 55 | 76 | 115.67 | 0 | 1 | 6.44 | 18.41 |
| Literature - World | 0 | 4 | 1 | 0 | 35 | 123 | 130.75 | 0 | 0 | 2.61 | 10.57 |
| Literature - British | 0 | 3 | 0 | 0 | 30 | 106 | 130.33 | 0 | 0 | 1.97 | 6.91 |
| Fine Arts - Painting & Sculpture | 0 | 4 | 2 | 1 | 30 | 86 | 114.50 | 0 | 1 | 3.75 | 11.24 |
| Fine Arts - Other | 0 | 3 | 1 | 1 | 25 | 40 | 104.00 | 0 | 1 | 4.98 | 12.02 |
| Literature - European | 0 | 2 | 0 | 0 | 20 | 130 | 143.00 | 0 | 0 | 0.34 | 3.38 |
| Mythology | 0 | 1 | 0 | 0 | 10 | 132 | 132.00 | 0 | 0 | 0.00 | 2.50 |
| History - American | 0 | 1 | 0 | 0 | 10 | 134 | 134.00 | 0 | 0 | 0.04 | 3.68 |
| Social Science | 0 | 0 | 0 | 0 | 0 | 0.00 | 0 | 0 | 0.00 | 0.00 | |
| Philosophy | 0 | 0 | 0 | 0 | 0 | 0.00 | 0 | 0 | 0.00 | 0.00 | |
| Science - Chemistry | 0 | 0 | 0 | 0 | 0 | 0.00 | 0 | 0 | 0.00 | 0.00 | |
| History - European | 0 | 1 | 2 | 0 | 0 | 119 | 119.00 | 0 | 0 | 0.37 | 3.68 |